000
00301nam a2200133Ia 4500
005
20251222154427.0
008
251222s9999||||xx |||||||||||||| ||spa||
020
_a
84-278-0678-7
082
_a
863.6/J53
100
_a
Jimenez, Juan Ramón
245
0
_a
Platero y Yo
264
_b
Nauta
942
_c
LIB
999
_c
36247
_d
36247